| 000 | 00754nam a2200205 i 4500 | ||
|---|---|---|---|
| 001 | 124814 | ||
| 003 | ES-MaACL | ||
| 005 | 20230906192513.0 | ||
| 007 | t| | ||
| 008 | 070420s1927 sp ||||1| spa d | ||
| 245 | 0 | 0 | _aResumen de la información pública sobre el anteproyecto de seguro de maternidad. |
| 260 |
_aMadrid : _b[s.n.], _c1927 ( _fSobrinos Suc. de Minuesa de los Ríos) |
||
| 300 |
_a216 p. ; _c21 cm. |
||
| 490 | 1 |
_aPublicaciones del Instituto Nacional de Previsión ; _v186 |
|
| 650 |
_aSubsidio de maternidad- _zEspaña. _917240 |
||
| 710 | 2 |
_aInstituto Nacional de Previsión (España) _95180 |
|
| 830 | 1 |
_aPublicaciones del Instituto Nacional de Previsión ; _v186 _9181151 |
|
| 852 |
_aES-MaACL _jC-12650(5) |
||
| 999 |
_c124814 _d124814 |
||